000 01115cam a2200325 i 4500
001 3806
003 Mx-PuUPA
005 20250618122234.0
008 140415s2007 sp gr 000 0 spa d
017 _aV-4568-2007
020 _a9788495333940
040 _aMx-PuUPA
_bspa
_cMx-PuUPA
_dMx-PuUPA
_erda
041 _aspa
100 1 _aChalier, Catherine
_eautor
240 1 3 _aLa fraernite, un espoir en clair-obscur,
_lEspañol
245 1 3 _aLa fraternidad :
_blos claroscuros de una esperanza /
_cCatherine Chalier
250 _a1a edición /
_bseptiembre
264 1 _aValencia :
_bEDITILDE,
_c©2007
300 _a109 páginas ;
_c21 cm
336 _2rdacontent
_atexto
_btxt
337 _2rdamedia
_asin medio
_bn
338 _2rdacarrier
_avolumen
_bnc
490 _aMANUALES DE DISEÑO
650 7 _2armarc
_913986
700 1 _aAyuso Diez, Jesús María,
_etraductor
765 0 _aBuchet, Chastel
_dParís : 2003
_tLa fraternité, un espoir en clair-obscur :
942 _2ddc
_cLI
_hxx
_ixx
999 _c3806
_d3806